000 01082nam a2200289 a 4500
003 BLK
005 20250628111656.0
007 ta
008 221104b bu |||||r|||| 00| | bu d
020 _a9786190301943
040 _aBLK
041 _aBUL
_cBUL
080 _9226698
_aАмериканска литература (на САЩ)
_b821.111(73)
_x-31
_z821.111(73)-31
084 _aД 53
100 _9489586
_aДиас, Ернан
245 _aБогатство
_cЕрнан Диас ; прев. от англ. Елена Кодинова
260 _9209457
_aСофия
_bБард
_c2023
_fСофия: Алианс принт
300 _a383 с.
_c21 см
380 _aX
500 _aОриг. загл.: Trust / Hernan Diaz Биогр. данни за авт. отбелязани на предзагл. с.
700 1 _aКодинова, Елена Любенова
_d1969-
_980337
852 _aЦб 320208
_bЦб
856 _i0.00
_ldisable
942 _cKNG
_n0
_021
944 _cМоника Янева
_k30575
_lМартин Енчев
999 _c497424
_d497424
999 _d497424